000 00483pab a2200181 454500
008 180718b2010 xxu||||| |||| 00| 0 eng d
100 _aGrimes, Paul W.
245 _aHigh school economic education and access to financial services
260 _c2010
300 _ap.317-335.
362 _aSummer
650 _aEconomics education
700 _aSmith, Rebecca Cambbell
700 _aRogers, Kevin E.
773 _aJournal of Consumer Affairs
908 _aN
909 _a90017
999 _c90017
_d90017